000 01489nam0a2200373 4500
001 RU\NLR\bibl\1112628
005 20250615062123.0
010 _a5-469-00663-8
_94000
021 _aRU
_b2007-40349
_92163
035 _a(nilc)RSL-KNO-003130188
035 _a(NLR Aleph) 001099652
090 _a1170089
_c1170089
100 _a20070626d2006 |||y0rusy50 ca
101 0 _arus
102 _aRU
105 _aa |||||||||
200 1 _aWindows XP
_fА. Боренков, Ю. Зозуля
210 _aСанкт-Петербург [и др.]
_cПитер
_d2006
215 _a495 с.
_cил., табл.
_d24
225 1 _aБиблиотека пользователя
606 1 _aMICROSOFT WINDOWS XP, операционная система
_92234884
_3RU\NLR\auth\661341281
610 0 _aВычислительная техника -- Вычислительные машины электронные цифровые -- Персональные компьютеры -- Программирование -- Операционные системы
610 0 _aфайлы
610 0 _aИнтернет
686 _aЗ973.26-018.2,0
_2rubbk
686 _aЗ973.23-018.2
700 1 _aБоренков
_bА. Ю.
_gАндрей Юрьевич
_4070
701 1 _aЗозуля
_bЮ. Н.
_gЮрий Николаевич
_4070
801 0 _aRU
_bРКП
_c20070626
_grcr
801 1 _aRU
_bРГБ
_c20070626
801 2 _aRU
_bNLR
_c20070725
_grcr
942 _cBOOK
980 _aNB